Từ nguồn diệu pháp

Uloženo v:
Podrobná bibliografie
Hlavní autor: Trí Hải
Médium: Kniha
Jazyk:Undetermined
Vydáno: Hà Nội Tôn giáo 2003
Témata:
Tagy: Přidat tag
Žádné tagy, Buďte první, kdo otaguje tento záznam!
Thư viện lưu trữ: Trung tâm Học liệu Trường Đại học Cần Thơ
LEADER 00536nam a2200193Ia 4500
001 CTU_64719
008 210402s9999 xx 000 0 und d
020 |c 13000 
082 |a 294.3 
082 |b Tr300 
100 |a Trí Hải 
245 0 |a Từ nguồn diệu pháp 
245 0 |c Thích nữ Trí Hải 
260 |a Hà Nội 
260 |b Tôn giáo 
260 |c 2003 
650 |a Buddhist logic,Luân lý Phật giáo 
910 |a Huỳnh Mai 
980 |a Trung tâm Học liệu Trường Đại học Cần Thơ